Statistics for MLB Top MVP, Cy Young, and ROY 2019

Click here to take the quiz!

General Stats

  • This quiz has been taken 16 times
  • The average score is 29 of 40

Answer Stats

#PlayerTeamPos.% Correct
2Christian YelichMILRF
100%
1Cody BellingerLADRF
100%
8Freddie FreemanATL1B
100%
1Jacob deGromNYMP
100%
10Jacob deGromNYMP
100%
1Justin VerlanderHOUP
100%
1Mike TroutLAACF
100%
8Mookie BettsBOSRF
100%
5Ronald Acuna Jr.ATLCF
100%
3Anthony RendonWSN3B
93%
1Pete AlonsoNYM1B
93%
7Pete AlonsoNYM1B
93%
2Alex BregmanHOU3B
87%
6Matt ChapmanOAK3B
87%
9Nelson CruzMINDH
87%
6Nolan ArenadoCOL3B
87%
10Gerrit ColeHOUP
80%
2Gerrit ColeHOUP
80%
3Max ScherzerWSNP
80%
4Shane BieberCLEP
80%
5Xander BogaertsBOSSS
80%
1Yordan ÁlvarezHOUDH
80%
5Cavan BiggioTOR2B
73%
3Fernando Tatis Jr.SDPSS
73%
9Juan SotoWSNLF
73%
4Ketel MarteARICF
73%
4DJ LeMahieuNYY2B
67%
7George SpringerHOUCF
67%
5Stephen StrasburgWSNP
67%
3Brandon LoweTBR2B
60%
3Marcus SemienOAKSS
60%
4Eloy JiménezCHWLF
53%
2Hyun Jin RyuLADP
53%
4Bryan ReynoldsPITLF
47%
3Charlie MortonTBRP
33%
4Jack FlahertySTLP
33%
5Lance LynnTEXP
33%
2Michael SorokaATLP
33%
2John MeansBALP
27%
5Dakota HudsonSTLP
0%

Score Distribution

Percentile by Number Answered

Percent of People with Each Score

Your Score History

You have not taken this quiz